Eco-pioneers : (Record no. 353634)

000 -LEADER
fixed length control field 01246cam a2200313 a 4500
001 - CONTROL NUMBER
control field 4488058
003 - CONTROL NUMBER IDENTIFIER
control field OSt
005 - DATE AND TIME OF LATEST TRANSACTION
control field 20180116192413.0
008 - FIXED-LENGTH DATA ELEMENTS--GENERAL INFORMATION
fixed length control field 970317s1997 maua b 001 0ceng
010 ## - LIBRARY OF CONGRESS CONTROL NUMBER
LC control number 97008333
020 ## - INTERNATIONAL STANDARD BOOK NUMBER
International Standard Book Number 0262122073
040 ## - CATALOGING SOURCE
Original cataloging agency DLC
Transcribing agency DLC
Modifying agency DLC
043 ## - GEOGRAPHIC AREA CODE
Geographic area code n-us---
050 00 - LIBRARY OF CONGRESS CALL NUMBER
Classification number GE150
Item number .L47 1997
082 00 - DEWEY DECIMAL CLASSIFICATION NUMBER
Classification number 363.70092273
-- B
Edition number 21
100 1# - MAIN ENTRY--PERSONAL NAME
Personal name Lerner, Steve.
9 (RLIN) 6284
245 10 - TITLE STATEMENT
Title Eco-pioneers :
Remainder of title practical visionaries solving today's environmental problems /
Statement of responsibility, etc. Steve Lerner.
260 ## - PUBLICATION, DISTRIBUTION, ETC.
Place of publication, distribution, etc. Cambridge, Mass. :
Name of publisher, distributor, etc. MIT Press,
Date of publication, distribution, etc. c1997.
300 ## - PHYSICAL DESCRIPTION
Extent xii, 462 p. :
Other physical details ill. ;
Dimensions 24 cm.
504 ## - BIBLIOGRAPHY, ETC. NOTE
Bibliography, etc. note Includes bibliographical references (p. [399]-414) and index.
650 #0 - SUBJECT ADDED ENTRY--TOPICAL TERM
Topical term or geographic name entry element Environmental degradation
Geographic subdivision United States
General subdivision Case studies.
9 (RLIN) 6285
650 #0 - SUBJECT ADDED ENTRY--TOPICAL TERM
Topical term or geographic name entry element Sustainable development
Geographic subdivision United States
General subdivision Case studies.
9 (RLIN) 6286
650 #0 - SUBJECT ADDED ENTRY--TOPICAL TERM
Topical term or geographic name entry element Environmental engineers
Geographic subdivision United States
General subdivision Biography.
9 (RLIN) 6287
650 #0 - SUBJECT ADDED ENTRY--TOPICAL TERM
Topical term or geographic name entry element Environmentalists
Geographic subdivision United States
General subdivision Biography.
9 (RLIN) 6288
906 ## - LOCAL DATA ELEMENT F, LDF (RLIN)
a 7
b cbc
c orignew
d 1
e ocip
f 19
g y-gencatlg
942 ## - ADDED ENTRY ELEMENTS (KOHA)
Source of classification or shelving scheme
Koha item type Book
Holdings
Withdrawn status Lost status Source of classification or shelving scheme Damaged status Not for loan Permanent Location Current Location Date acquired Total Checkouts Full call number Barcode Date last seen Copy number Cost, replacement price Price effective from Koha item type
          School of Art Design and Architecture (SADA) School of Art Design and Architecture (SADA) 08/24/2012   363.7 LER 1997 SADA0001809 01/05/2017 1 2023.00 01/05/2017 Book
© 2023 Central Library, National University of Sciences and Technology. All Rights Reserved.